AVICULTURA PRACTICA : (Registro nro. 6172)
[ vista simple ]
| 000 -LEADER | |
|---|---|
| fixed length control field | 00428nam a2200157 a 4500 |
| 001 - CONTROL NUMBER | |
| control field | 6172 |
| 005 - DATE AND TIME OF LATEST TRANSACTION | |
| control field | 20180713190024.0 |
| 008 - FIXED-LENGTH DATA ELEMENTS--GENERAL INFORMATION | |
| fixed length control field | 140415s1986 000 0 spa d |
| 041 ## - LANGUAGE CODE | |
| Language code of text/sound track or separate title | spa |
| 082 ## - DEWEY DECIMAL CLASSIFICATION NUMBER | |
| Classification number | 636.5 |
| Item number | AVI |
| 245 00 - TITLE STATEMENT | |
| Title | AVICULTURA PRACTICA : |
| Remainder of title | POR EL EQUIPO TECNICO DE POULTRY WORLD |
| 260 ## - PUBLICATION, DISTRIBUTION, ETC. | |
| Place of publication, distribution, etc. | [s.l.] : |
| Name of publisher, distributor, etc. | CECSA, |
| Date of publication, distribution, etc. | 1986 |
| 300 ## - PHYSICAL DESCRIPTION | |
| Extent | 211 |
| 650 14 - SUBJECT ADDED ENTRY--TOPICAL TERM | |
| Topical term or geographic name entry element | AVICULTURA |
| 700 1# - ADDED ENTRY--PERSONAL NAME | |
| Personal name | LOMA, JOSE LUIS DE LA |
| Relator term | tr. |
| Withdrawn status | Lost status | Source of classification or shelving scheme | Damaged status | Not for loan | Collection code | Home library | Current library | Shelving location | Date acquired | Source of acquisition | Inventory number | Total Checkouts | Full call number | Barcode | Date last seen | Price effective from | Koha item type |
|---|---|---|---|---|---|---|---|---|---|---|---|---|---|---|---|---|---|
| Dewey Decimal Classification | General | Biblioteca Karol Wojtyla | Biblioteca Karol Wojtyla | Área de silencio | 03/12/2013 | Compra | 151000000000000000009916 | 636.5 AVI | 18551 | 05/01/2026 | 03/12/2013 | Libro |